00242nam a2200085Ia 4500100002900000654001900029245004400048260005200092546001200144 aNational Semi conductor  aLinear devices aGeneral purpose linear devices databook bNational semiconductor corpn.aCaliforniac1989 aENGLISH